| 000 | 00969nam a2200301 i 4500 | ||
|---|---|---|---|
| 001 | 000045346 | ||
| 003 | DO-SdBNP | ||
| 005 | 20250314114710.0 | ||
| 007 | ta | ||
| 008 | 150304s2014 dr 000 f spa d | ||
| 020 | _a9789945589436 | ||
| 040 |
_aDO-SdBNP _bspa _cBNPHU _erda |
||
| 041 | _aspa | ||
| 082 | 4 |
_aRD863.44 _bV443su _222 |
|
| 100 | 1 |
_aVeloz Maggiolo, Marcio, _d1936-2021 _eautor _4aut. _91104 |
|
| 245 | 1 | 3 |
_aEl Sueño de Juliansón : _bnovela / _cMarcio Veloz Maggiolo. |
| 264 |
_aSanto Domingo : _bEditorial Santuario, _c2014. |
||
| 300 |
_a127 páginas ; _c23 cm. |
||
| 336 |
_atexto _btxt _2rdacontent |
||
| 337 |
_asin mediación _bn _2rdamedia |
||
| 338 |
_avolumen _bnc _2rdacarrier |
||
| 500 | _aIncluye datos biográficos del autor en la solapa de la cubierta | ||
| 590 | _aInventariado, VM/2020 | ||
| 650 | 4 |
_aNovela dominicana _9223 |
|
| 650 | 4 |
_aLiteratura dominicana. _967 |
|
| 910 | _aValidado. Control de calidad MFF | ||
| 942 |
_2ddc _cLBS1 |
||
| 999 |
_c44835 _d44835 |
||